00391nam a2200157Ia 450000500170000000800410001704000190005804100120007708200130008910000220010224500350012426000270015930000160018665000210020285000100022320240429101452.0131103s9999 xx 000 0 und d aLoreto College aEnglish a428bALC aAlcott, Louisa M. aLittle womencLouisa M. Alcott aCalcuttabO.U.P.c1979 a92p.b ill. aEnglish language aLCBED